Quizzes
Events
Quiz Creation
Community
Videos
Private Events
Remove Ads
Sign In
Join for FREE
Feedback
Dark Mode
Quiz Categories
Sports
Geography
Music
Movies
Television
Just For Fun
Miscellaneous
History
Literature
Language
Science
Gaming
Entertainment
Religion
Holiday
For Kids
Quiz Lab
Recent
Popular Today
Quiz Kudos Today
Editor Picks
Curator Picks
Quizzes by...
Day
Popularity
Type
Ratings
Length
Year
Community
Subscriptions
Recent Discussions
Orange Saloon
Badges
Playlists
Quests
Create
Leaderboards
Showdown
Live 5
Trivia Bingo
Activity
Puzzle Library
Sporcle Events
Private Events
Virtual Trivia
Globe League
Become a Host
Pub Owners
SporcleCon
Opinionation
Our Games
Videos
Blog
Mobile Apps
Partnerships
Remove Ads and Go Orange
Feedback
Sports
Athletes
MLB
NBA
NHL
NFL
Soccer
Sports Teams
WWE
NCAA
Football
Premier League
Basketball
Baseball
Hockey
Golf
Tennis
Cricket
Rugby
Auto Racing
Olympics
World Cup
Sports
Athletes
MLB
NBA
NHL
NFL
Soccer
Sports Teams
WWE
NCAA
Football
Premier League
Basketball
Baseball
Hockey
Golf
Tennis
Cricket
Rugby
Auto Racing
Olympics
World Cup
Random Quiz
Search Sporcle
×
Quiz Lab
Quiz Lab
Sports
NFL
Type answers based on single images at one time
Type answers based on single images at one time
Slideshow
Best Score? Go Orange.
2015 Sack Leaders for Every NFL Team Stats
Can you name the 2015 Sack Leaders for Every NFL Team?
By
BartA
10m
36 Questions
82 Plays
82 Plays
82 Plays
Comments
Comments
Give Quiz Kudos
Give Quiz Kudos
-
- Ratings
hide this ad
Replay
Link that replays current quiz
Next Quiz
Link to next quiz in quiz playlist
You Got
0%
They Got
Avg Score
60%
Avg Friend Score
Upgrade to see
Score Distribution
Jump to the score distribution portion of the page
Score
0/36
Timer
10:00
0
Plays Today
% Correct
Von Miller
90.2%
Aaron Donald
89%
Michael Bennett
89%
Justin Houston
89%
J.J. Watt
87.8%
Khalil Mack
86.6%
Fletcher Cox
82.9%
Gerald McCoy
80.5%
Ezekiel Ansah
79.3%
Julius Peppers
79.3%
Mario Williams
78%
Muhammad Wilkerson
78%
Chandler Jones
73.2%
Cameron Jordan
68.3%
Kawann Short
64.6%
Carlos Dunlap
64.6%
Robert Mathis
63.4%
Everson Griffen
62.2%
% Correct
DeMarcus Lawrence
61%
Vic Beasley Jr.
61%
Olivier Vernon
59.8%
Cameron Heyward
59.8%
Jurrell Casey
58.5%
Elvis Dumervil
56.1%
Brian Orakpo
53.7%
Dwight Freeney
51.2%
Jerry Hughes
43.9%
Ahmad Brooks
42.7%
Melvin Ingram
42.7%
Aaron Lynch
31.7%
Jared Odrick
31.7%
Robert Ayers
29.3%
Preston Smith
29.3%
Lamarr Houston
26.8%
Desmond Bryant
17.1%
Kendall Langford
14.6%
Quiz Playlist
Details
Report
Send in Message
Add To Playlist
Slideshow:
Type answers based on single images at one time
Last Updated: Feb 16, 2017
Quiz Scoreboard
CHALLENGE
Sign Up to Join the Scoreboard
Show All
Scores
Hide
Comments
May contain spoilers
Recently Published
Billboard Blitz: Fleetwood Mac
by CooCooCachoo
Music
15s
Presidents Visiting Landmarks
by Hejman
History
7m
An Introduction to Baseball
by treessimontrees
Sports
5m
More to Explore
Quiz From the Vault
Featured Blog Post
Where Did the Easter Bunny Come From?
hide this ad
You Might Also Like...
Tags
NFL Quiz
2015
Leader
sack
team
Today's Top Quizzes in Sports
Browse Sports
hide this ad
Today's Top Quizzes in NFL
Browse NFL
Top Contributed Quizzes in Sports
1
Les meilleurs buteurs des matchs entre le PSG et l’OM
2
2022 World Cup Stars
3
FIFA Club World Cup Champions
4
Les entraîneurs de l'OM et du PSG au 21e siècle
5
Name the Premier League winners with different clubs
6
5-to-1: UK Sports Teams
7
La finale Lions - Afrique du Sud 2021
8
Criteria MLB: Left Handed Sluggers
9
AFC Teams Reveal (Wrong Answers Minefield)
10
England Test cricketers to play under Nasser Hussain
Explore More
Trending Topics
Disney
Harry Potter
Crossword
Anime
NBA
Marvel
Kpop
Puzzle
Country
WWE
Song
Pokémon
The Office
NFL
Soccer
hide this ad
More By:
BartA
Quiz
Plays
Rating
Category
Featured
Created
Movies of 2016
165
2.88
Movies
Oct 7, 2016
2015 Sack Leaders for Every NFL Team
82
5.00
Sports
Oct 7, 2016
Lyrics to the The Night by Disturbed
79
Music
Dec 21, 2016
All Atlanta Braves 2014
55
3.00
Sports
Aug 8, 2014
Mizuno CSR Trivia II
9
Just For Fun
Aug 7, 2014
Go to Creator's Profile
Score Distribution
Quiz Creator Spotlight
BartA
Follow
Send a Message
Quizzes Created
-
Created Quiz Play Count
-
More By This Creator
Popular Quizzes Today
1
Find the US States - No Outlines Minefield
2
Find the Countries of Europe - No Outlines Minefield
3
The Countries of the World
4
Find the US States
5
Popular People in 1961
6
US States
7
Risky Map Clicking: Biggest States A-Z
8
Movies - When Are They Set?
More Sports Quizzes
Missing Word: Formula 1 Circuits
Curator's Pick
Trending Quizzes
Risky Map Clicking: Least Populous States A-Z
1-10 Letter G Words
1-10 Letter F Words
Risky Map Clicking: Next State Alphabetically
'A' Boys' Names Grid
Recently Updated
Leaping Animals
pecheneg
Reality TV Shows (A-Z)
bhenderson79
Rickey Henderson's Hall of Fame Teammates
pecheneg
Champions League XIs: Arsenal
pecheneg
Quick Pick: Celebrities in WWE's Hall of Fame
aduchscher
A-Z Keypad Blitz II
pecheneg
Multiple Oscar Actors
pecheneg
Mystery Phrase Blitz: Oscar 'Best Actors'
pecheneg
F. Scott Fitzgerald Novels
LTH
Pick 3 Villains
ddd62291
Trending Topics
Harry Potter
Kpop
NBA
Marvel
Crossword
Anime
Disney
WWE
Puzzle
Country
NFL
Soccer
The Office
Pokémon
Song
Your Account Isn't Verified!
In order to create a playlist on Sporcle, you need to verify the email address you used during registration. Go to your
Sporcle Settings
to finish the process.
Report this User
Report this user for behavior that violates our
Community Guidelines
.
Details:
Send Report
Go to the Sporcle.com Mobile Site →
Comments